Normal view
MARC view
- Joel Levy
Entry Personal Name
001 - CONTROL NUMBER
- control field: 130796
003 - CONTROL NUMBER IDENTIFIER
- control field: NUST
005 - DATE AND TIME OF LATEST TRANSACTION
- control field: 20251002113812.0
008 - FIXED-LENGTH DATA ELEMENTS
- fixed length control field: 251002|| aca||aabn | a|a d
040 ## - CATALOGING SOURCE
- Original cataloging agency: NUST
- Transcribing agency: NUST
100 ## - HEADING--PERSONAL NAME
- Personal name: Joel Levy
670 ## - SOURCE DATA FOUND
- Source citation: Work cat.: (NUST): Joel Levy, The Big Book Of Science, 2018.
